Ley No.122.05, que regula y fomenta las Asociaciones sin Fines de Lucro y Reglamento No.40-08 (Record no. 9536)

MARC details
000 -LEADER
campo de control de longitud fija 00428nam a2200133Ia 4500
001 - NÚMERO DE CONTROL
campo de control 2013
008 - DATOS DE LONGITUD FIJA--INFORMACIÓN GENERAL
campo de control de longitud fija 241024s9999 xx 000 0 und d
082 ## - NÚMERO DE LA CLASIFICACIÓN DECIMAL DEWEY
Número de clasificación RD/346.064/R426l/122-05
100 ## - ENTRADA PRINCIPAL--NOMBRE DE PERSONA
Nombre de persona República Dominicana. Congreso Nacional
245 #0 - MENCIÓN DEL TÍTULO
Título Ley No.122.05, que regula y fomenta las Asociaciones sin Fines de Lucro y Reglamento No.40-08
260 ## - PUBLICACIÓN, DISTRIBUCIÓN, ETC.
Nombre del editor, distribuidor, etc. Santo Domingo
Fecha de publicación, distribución, etc. 2008
901 ## - ELEMENTOS DE DATOS A LOCAL LDA (RLIN)
a 16/11/2011 10:42:08 a.m.

No items available.

© 2024. Todos los Derechos Reservados. Desarrollado por IDEICE